000 01166nam a2200301Ia 4500
003 OSt
005 20221007125124.0
006 a|||||r|||| 00| 0
007 ta
008 221006b |||||||| |||| 00| 0 eng d
020 _a0130309907 (pbk)
_c
_ 19.95
024 _a4363
037 _bE B A,
_cTextual
040 _aCDL
_cCDL
_beng
041 _2eng
_aeng
082 _aB280bE:3, N3
100 _aMiller J C
_9494883
245 0 _aStatistics for analytical chemistry by J C Miller and J N Miller
_b Miller J N
250 _aEd 3
260 _aNew
_bYork Ellis Horwood PTR Prentice Hall
_c1993
300 _a233p
_ccm.
490 _aEllis Horwood series in analytical chemistry
500 _aIncludes bibliographical references; Appendix 1-2,220-227p; Index 228-233p; ^n23/CSL/Carc/96-97/3839^d1996-12-25^mPurchase; ; 96-97/473^b1997-03-08^cEBA/14671/96-97^d1997-03-05^eEducational Book Agency; ; 1997-03-10^bSB^c1997-04-17^r1997-04-28
650 _aStatistics irt Analytical chemistry
_9721573
700 _a Miller J N
_9721574
942 _hB280bE:3, N3
_cTEXL
_2CC
999 _c1214716
_d1214716